Last Ten SA Presidents and EVP's Quiz Stats

 Plays Quiz not verified by Sporcle

Score 0/20 Timer 03:00
0 Plays Today
Year Office Holder % Correct
2010-2011 PresidentJason Lifton
86.1%
2009-2010 EVPJason Lifton
86.1%
2009-2010 PresidentJulie Bindelglass
75%
2008-2009 PresidentVishal Aswani
75%
2010-2011 EVPRob Maxim
75%
2006-2007 PresidentLamar Thorpe
72.2%
2003-2004 PresidentKris Hart
66.7%
2007-2008 EVPBrand Kroeger
63.9%
2005-2006 EVPMorgan Corr
63.9%
2007-2008 PresidentNicole Kapp
61.1%
Year Office Holder % Correct
2008-2009 EVPKyle Boyer
61.1%
2004-2005 PresidentOmar Woodard
58.3%
2006-2007 EVPJosh Lasky
52.8%
2001-2002 PresidentRoger Kapoor
47.2%
2005-2006 PresidentAudai Shakour
38.9%
2003-2004 EVPEric Daleo
30.6%
2002-2003 EVPEric Daleo
30.6%
2004-2005 EVPAnyah Dembling
25%
2002-2003 PresidentPhil Robinson
19.4%
2001-2002 EVPJosh Singer
11.1%

You're not logged in!

Compare scores with friends on all Sporcle quizzes.
OR
Log In

Show Comments

Extras

Top Quizzes Today


Score Distribution

Your Account Isn't Verified!

In order to create a playlist on Sporcle, you need to verify the email address you used during registration. Go to your Sporcle Settings to finish the process.

Report this User

Report this user for behavior that violates our Community Guidelines.

Details: